000 00635cam a2200229 4500
001 B747
008 090401t1987 xxu||||| |||| 00| 0 eng d
035 _a(Sirsi) u37674
041 _aeng
050 _a333.335
110 _aMinistry of Agriculture
_91876
245 _aFarm rents in England and Wales: results of 1986 annual rent inquiry
260 _aAlnwick, Northumberland
_bMinistry of Agriculture, Fisheries and F
_c1987
300 _a32p. : ill.,map ; 30cm.
350 _a3
650 _aFARMING
650 _aRENT
650 _aSTATISTICS
710 _aFisheries and Food
_91879
942 _n0
948 _c04/03/1997
999 _c90518
_d90518